000
00238 a2200097 4500
001
121426
040
_c
Escola Canadense de Niteroi
245
1
0
_a
Como Produzir um Bom Texto Narrativo [banner]
650
4
_a
LĂngua Portuguesa
942
_c
MATP
999
_c
121426
_d
121426